Can you name the 10 longest Wisconsin Highways? - Statistics

General Stats
  • This quiz has been taken 59 times
  • The average score is 6 of 10
Answer Stats
Hint Answer % Correct
412.15 WIS 35
82%
307.35 WIS 29
79%
338.32 WIS 13
68%
211.05 WIS 23
57%
294.08 WIS 27
57%
243.12 WIS 54
57%
246.49 WIS 70
50%
265.84 WIS 73
50%
325.69 WIS 32
46%
275.65 WIS 64
43%
No matching quizzes found
Score Distribution
Percent of People with Each Score
Percentile by Number Answered
Your Score History
You have not taken this quiz